000 01061nam a22001577a 4500
008 150428b xxu||||| |||| 00| 0 eng d
020 _a9990996547
050 _aJN30.S74
245 _aThe State of the European Union 1994. /
_cedited by Peter G. Xuereb and Roderick Pace
260 _aMalta:
_bEuropean documentation and research centre,
_cc1994.
300 _a241p.
_c24cm.
505 _aContents: Institution of the European Union -- An Introduction to the legal order of the European Union -- The Economics of the European integration: the four freedoms -- The Evolution of EU-Malta relations: economic and political aspects -- An Overview of EU competition rules and comments on the Maltese competition bill -- EU competition policy and recent developments -- EU and Maltese company law -- European financial services law -- Monetary movements in the European Union -- The Maltese banking system and membership of the European union -- Economic convergence and monetary union.
700 _aXuereb, Peter G.
700 _aPace, Roderick
942 _2lcc
_cBK
999 _c5439
_d12939